| 000 | 00603nam a22002177a 4500 | ||
|---|---|---|---|
| 003 | OSt | ||
| 005 | 20220107122747.0 | ||
| 008 | 130423b xxu||||| |||| 00| 0 eng d | ||
| 020 | _a9781439807613 | ||
| 040 | _cIIITM-K | ||
| 082 | _a004.16 ZUR/N | ||
| 245 |
_aNetworked embedded systems _cedited by Richard Zurawski |
||
| 250 | _a2nd ed. | ||
| 260 |
_aBoca Raton, _bCRC Press, _c2013. |
||
| 650 |
_aCOMPUTER ENGINEERING _935 |
||
| 650 |
_aEMBEDDED SYSTEMS _936 |
||
| 650 |
_aREAL TIME OPERATING SYSTEMS _937 |
||
| 650 |
_aCONTROL SYSTEMS _9260 |
||
| 700 |
_aZurawski, Richard _95368 |
||
| 942 |
_2ddc _cBK |
||
| 999 |
_c4228 _d4228 |
||